000 01314cam a22003737a 4500
003 CHAP
005 20220329142642.0
008 020805d1992 mx d r 00110 spa d
010 _a86044
011 _a87016
020 _a9686599118
035 _a97557
040 _cCHAP
082 0 4 _a370.08
_bM6 1992
100 0 0 _aMorales Gómez, Daniel A.
_e, comp.
_978281
245 1 3 _aLa educación y desarrollo dependiente en América Latina
_c/comp. por Daniel A. Morales Gómez
250 _a4 ed.
260 _aMexico, D.F. :
_bGernika,
_c1992
300 _a334 p. :
_bcuadros ; diagramas
490 0 _aColección educacional y sociología
_v; 5
590 _aBATCH-UPD
_b10
_c20130110
_lUCH01
_h0315
590 _aBATCH-UPD
_b10
_c20130110
_lUCH01
_h1931
590 _aBATCH-UPD
_b10
_c20130409
_lUCH01
_h2348
590 _aBATCH-UPD
_b10
_c20130410
_lUCH01
_h1614
590 _aBATCH-UPD
_b10
_c20130914
_lUCH01
_h1238
590 _aCONVERSION
_b10
_c20130109
_lUCH01
_h1348
650 1 4 _aAmerica Latina
_xCondiciones sociales.
_95395
650 1 4 _aEducación
_xAmérica Latina.
_935411
830 0 _aColección educacional y sociología
_v; 5
_924836
901 _aBK
905 _aMarco A. Mendoza T.
942 _cLIBRO
949 _a370.08 M6 1992
_bBC
_cLIBRO
_d33724000870051
_eLIBRO
_gI.c/e
_h102894
_i97557
_si
_t$110.00
999 _c86044
_d86044